000
00195 a2200097 4500
001
7820
100
_a
Macnair, J L
245
_a
Livingstones travel
260
_a
_b
Dent
_c
090
_c
6269
_d
6269
942
_a
NUST-CAE
_c
M
_c
32788
999
_c
242893
_d
242893